Statistiques concernant Les personnages de films Disney

Cliquez ici pour prendre le quiz!

Statistiques générales

  • Ce quiz a été pris 1 458 fois
    (1 439 depuis la dernière actualisation)
  • Le résultat moyen est 6 sur 15

Statistiques - réponses

IndiceRéponse% Correct
GeppettoPinocchio
90%
RoxRox et Rouky
86%
MegaraHercule
80%
Chat du CheshireAlice au pays des merveilles
75%
Roi LouisLe livre de la jungle
69%
FrozoneLes Indestructibles
57%
Eugene FitzherbertRaiponce
56%
TimotheDumbo
44%
Colette TatouRatatouille
31%
Charles MuntzLa-haut
21%
Mr. DawesMary Poppins
5%
KodaMon frere l'ours
1%
James P. SullivanMonstres Inc.
1%
SquizTrouver Nemo
1%
BorgneUne vie de bestiole
0%

Distribution des résultats

Percentile par nombre de réponses

% des personnes avec chaque résultat

Votre développement - résultats

Vous n’avez pas pris ce quiz depuis la dernière actualisation